UBT Library

Microsoft Office Project 03 Profesional (Record no. 27)

000 -LEADER
fixed length control field 00507nam a22001817a 4500
008 - FIXED-LENGTH DATA ELEMENTS--GENERAL INFORMATION
fixed length control field 131004b xxu||||| |||| 00| 0 alb d
041 0# - LANGUAGE CODE
Language code of text/sound track or separate title alb
080 ## - UNIVERSAL DECIMAL CLASSIFICATION NUMBER
Universal Decimal Classification number 004
100 1# - Rafti
Rafti Skenderi, Skender
245 10 - TITLE STATEMENT
Title Microsoft Office Project 03 Profesional
Statement of responsibility, etc Skenderi, Skender
260 ## -
-- Prishtine
-- Printing Press
-- 2005
300 ## -
-- 156 f.
-- ilustr.
-- 24 cm
500 ## -
-- Parathenie [III]-IV
650 #0 -
-- Kompjuterat
650 #0 -
-- Kompjuterat-Programimi-Softueri
700 1# -
-- Skenderi, Besnik
942 ## - ADDED ENTRY ELEMENTS (KOHA)
Source of classification or shelving scheme
Item type Books
Holdings
Withdrawn status Lost status Source of classification or shelving scheme Damaged status Not for loan Collection code Permanent location Current location Shelving location Date acquired Total Checkouts Full call number Barcode Date last seen Price effective from Koha item type
          Koleksioni i përgjithshem UBT - Prishtine UBT - Prishtine Koleksioni i përgjithshem 10/04/2013   004 SKE 001-000012 10/04/2013 10/04/2013 Books
UBT Library © 2015-2024. All rights reserved University Education for Business and Technology